| Tag |
First Indicator |
Second Indicator |
Subfields |
| LEADER |
00000cam a2200000 4500 |
| 001 |
in00000463421 |
| 005 |
20151012163501.0 |
| 008 |
710715s1971 nyu b 00010 eng |
| 010 |
|
|
|a 73136556
|
| 020 |
|
|
|a 0030853095
|
| 035 |
|
|
|a (OCoLC)00150003
|
| 035 |
|
|
|9 ABZ6517AM
|
| 040 |
|
|
|a DLC
|c DLC
|d OCL
|d TXA
|d UtOrBLW
|
| 043 |
|
|
|a n-us---
|
| 049 |
|
|
|a TXAM
|c [1164845]
|
| 050 |
0 |
0 |
|a HN65
|b .G43
|
| 082 |
0 |
|
|a 301.5/92
|
| 100 |
1 |
|
|a Gelb, Joyce,
|d 1940-
|
| 245 |
1 |
4 |
|a The politics of social change ;
|b a reader for the seventies /
|c [by] Joyce Gelb [and] Marian Lief Palley.
|
| 264 |
|
1 |
|a New York :
|b Holt, Rinehart and Winston,
|c [1971]
|
| 300 |
|
|
|a vii, 504 pages ;
|c 24 cm.
|
| 336 |
|
|
|a text
|b txt
|2 rdacontent
|
| 337 |
|
|
|a unmediated
|b n
|2 rdamedia
|
| 338 |
|
|
|a volume
|b nc
|2 rdacarrier
|
| 504 |
|
|
|a Includes bibliographical references.
|
| 650 |
|
0 |
|a Social change.
|
| 650 |
|
0 |
|a Political sociology.
|
| 651 |
|
0 |
|a United States
|x Social conditions
|y 1960-1980.
|
| 700 |
1 |
|
|a Palley, Marian Lief,
|d 1939-
|
| 999 |
|
|
|a MARS
|
| 999 |
f |
f |
|s d3c062bb-0814-37b9-a3f7-616954fef062
|i d0f739c4-2b71-385b-83d2-f3c085ed3fb3
|t 0
|
| 952 |
f |
f |
|p ric
|a Texas A&M University
|b Rellis Campus
|c Joint Library Facility
|d Remote Storage
|t 0
|e HN65 .G43
|h Library of Congress classification
|i unmediated -- volume
|m A14802934545
|
| 998 |
f |
f |
|a HN65 .G43
|t 0
|l Remote Storage
|